000 00330nam a22001457a 4500
003 SGT
020 _a978-81-265-2281-1
082 _a746
_bCOO
100 _aCOOKLIN, GERRY
245 _aPATTERN GRADING FOR WOMEN'S CLOTHES
260 _aINDIA
_bWILLEY
_c2009
300 _a382
650 _aWOMEN'S CLOTHES
942 _2ddc
_cBK
_06
999 _c9949
_d9949